[Event "Titled Tuesday intern op 30th Jan Late"]
[Site "Chess.com INT"]
[Date "2024.01.30"]
[Round "7"]
[White "Khayrullin, Denis"]
[Black "Leitao, Rafael Duailibe"]
[Result "1/2-1/2"]
[WhiteElo "2331"]
[BlackElo "2592"]
[PlyCount "120"]
[EventDate "2024.01.30"]
[EventType "swiss (blitz)"]
[EventRounds "11"]
[EventCountry "USA"]
[SourceTitle "EXT 2025"]
[Source "ChessBase"]
[SourceDate "2024.10.14"]
[SourceVersion "1"]
[SourceVersionDate "2024.10.14"]
[SourceQuality "1"]

1. e4 c5 2. Nf3 Nc6 3. d4 cxd4 4. Nxd4 e5 5. Nb5 d6 6. c4 g6 7. Be2 a6 8. N5c3 Bg7 9. 0-0 Nge7 10. Nd5 Nxd5 11. cxd5 Nd4 12. Nc3 0-0 13. Be3 Bd7 14. Rc1 b5 15. Bd3 Qa5 16. a3 b4 17. Ne2 bxa3 18. bxa3 Qxa3 19. Ra1 Qb4 20. Nxd4 exd4 21. Rb1 Qxb1 22. Qxb1 dxe3 23. fxe3 a5 24. Qb7 Rfd8 25. Rf2 a4 26. Ra2 a3 27. Qb4 Bb2 28. Rxb2 axb2 29. Qxb2 Be8 30. Qf6 Rab8 31. h4 h5 32. e5 dxe5 33. Qxe5 Bb5 34. Bc2 Re8 35. Qd4 Rbc8 36. Bd3 Bxd3 37. Qxd3 Rcd8 38. e4 Re7 39. Kf2 Rde8 40. Kf3 Kf8 41. Qd4 Kg8 42. Kf4 f6 43. g3 Kf7 44. d6 Rd7 45. Qd5+ Re6 46. Qa8 Rexd6 47. Qh8 Re7 48. Qh7+ Ke6 49. Qxg6 Kd7 50. Qxh5 Rde6 51. Qb5+ Kc7 52. Qc5+ Kd7 53. Qd5+ Ke8 54. h5 Re5 55. Qa8+ Kf7 56. g4 Kg7 57. Kf3 Rg5 58. Kf4 Rge5 59. Qc6 Kf7 60. Qa8 Kg7 1/2-1/2